000 00540nam a2200181Ia 4500
999 _c34428
_d34428
003 OSt
005 20200917110019.0
008 190216s9999||||xx |||||||||||||| ||und||
020 _a9788122428261
040 _coclc
082 _a621.31244
_bSME/O
100 _aSmestad, Greg P
_94659
245 0 _aOptoelectronics Of Solar Cells /
_cGreg P Smestad
260 _bNew Age International Publishers,
_c2010.
_aNew Delhi:
300 _a99p
650 _aPhysics
942 _cBK
_2ddc
_h621.31244
_iSME/O
_k621.31244
_mSME/O